Основы теории цепей: практикум

Dades bibliogràfiques
Autor principal: Арсеньев Г. Н. Геннадий Николаевич
Altres autors: Градов И. И. Игорь Иванович
Sumari:Излагаются практические вопросы применения инженерных методов анализа и расчета электрических цепей. Даны общие краткие теоретические сведения о методах расчета, на многочисленных примерах показана методика применения методов расчета, входящих в программы подготовки специалистов по направлению «Радиотехника». Описываются методики составления передаточных функций, уравнений равновесия и уравнений состояния электрических цепей. Математическую основу анализа и синтеза электрических цепей составляют частотный, операторный и метод пространства состояний. Практическому применению этих методов способствуют как специально разработанные пакеты расчетно-аналитических компьютерных программ, так и уже известные математические пакеты типа Mathcad. Теоретические расчеты и выводы в учебном пособии широко подтверждаются наглядными практическими примерами, выполненными в компьютерных математических средах. Для студентов электро- и радиотехнических специальностей средних и высших учебных заведений, также может быть использовано инженерными и техническими специалистами, занимающимися анализом, синтезом и эксплуатацией электрических цепей и устройств.
Idioma:rus
Publicat: Москва, Форум, 2007
Col·lecció:Высшее образование
Matèries:
Format: Llibre
KOHA link:https://koha.lib.tpu.ru/cgi-bin/koha/opac-detail.pl?biblionumber=147534

MARC

LEADER 00000nam0a2200000 4500
001 147534
005 20231101221311.0
010 |a 9785819903261 
035 |a (RuTPU)RU\TPU\book\159921 
090 |a 147534 
100 |a 20081117d2007 m y0rusy50 ca 
101 0 |a rus 
102 |a RU 
105 |a a j 001zy 
200 1 |a Основы теории цепей  |e практикум  |f Г. Н. Арсеньев, И. И. Градов 
210 |a Москва  |c Форум  |c Инфра-М  |d 2007 
215 |a 336 с.  |c ил. 
225 1 |a Высшее образование 
320 |a Список литературы: с. 316-318. 
330 |a Излагаются практические вопросы применения инженерных методов анализа и расчета электрических цепей. Даны общие краткие теоретические сведения о методах расчета, на многочисленных примерах показана методика применения методов расчета, входящих в программы подготовки специалистов по направлению «Радиотехника». Описываются методики составления передаточных функций, уравнений равновесия и уравнений состояния электрических цепей. Математическую основу анализа и синтеза электрических цепей составляют частотный, операторный и метод пространства состояний. Практическому применению этих методов способствуют как специально разработанные пакеты расчетно-аналитических компьютерных программ, так и уже известные математические пакеты типа Mathcad. Теоретические расчеты и выводы в учебном пособии широко подтверждаются наглядными практическими примерами, выполненными в компьютерных математических средах. Для студентов электро- и радиотехнических специальностей средних и высших учебных заведений, также может быть использовано инженерными и техническими специалистами, занимающимися анализом, синтезом и эксплуатацией электрических цепей и устройств. 
606 1 |a Электрические цепи  |2 stltpush  |3 (RuTPU)RU\TPU\subj\27742  |9 51444 
610 1 |a электротехника 
610 1 |a линейные электрические цепи 
610 1 |a линейные активные цепи 
610 1 |a переходные процессы 
610 1 |a качественный анализ 
610 1 |a типовые задачи 
610 1 |a решения 
610 1 |a метод интеграла свертки 
610 1 |a интеграл Дюамеля 
610 1 |a операторные функции 
610 1 |a метод пространства состояний 
610 1 |a практикумы 
610 1 |a учебные пособия 
610 1 |a цепи 
610 1 |a радиотехника 
675 |a 621.3.011.7(076)  |v 3 
700 1 |a Арсеньев  |b Г. Н.  |g Геннадий Николаевич 
701 1 |a Градов  |b И. И.  |g Игорь Иванович 
801 1 |a RU  |b 63413507  |c 20081117  |g PSBO 
801 2 |a RU  |b 63413507  |c 20150609  |g PSBO 
942 |c BK